Movies Quiz

Random Movies or Actress Quiz

Movie by Difficulty V Quiz Stats

Quiz Updated Apr 12, 2016

Challenge
Share
Tweet
Score 0/30 Timer 08:00
1 Play Today
% Correct
Mission: Impossible
96.7%
The Devil Wears Prada
90.6%
Little Miss Sunshine
81.6%
The Pursuit of Happyness
80.5%
Wall Street
77.9%
Hotel Rwanda
74%
Amadeus
73.5%
Remember the Titans
73%
Predator
70.5%
The Usual Suspects
64.1%
Best in Show
41.5%
Chasing Amy
38.4%
The Basketball Diaries
35.4%
A Time to Kill
33.1%
Enemy at the Gates
30.3%
% Correct
In the Line of Fire
29.6%
Blue Valentine
27.6%
Runaway Jury
26.3%
About Schmidt
23.8%
The Conversation
17.4%
Locke
11.2%
Funny Games
10.4%
The Fountain
10.1%
Being There
8.7%
Short Term 12
7.6%
Amores perros
7.1%
The Ice Storm
6.9%
The Player
6.5%
Ruby Sparks
6.2%
The Next Three Days
6.1%

You're not logged in!

Compare scores with friends on all Sporcle quizzes.
Sign Up with Email
OR
Log In

You Might Also Like...

Show Comments

Extras

Top Quizzes Today


Score Distribution

Your Account Isn't Verified!

In order to create a playlist on Sporcle, you need to verify the email address you used during registration. Go to your Sporcle Settings to finish the process.